00669nam a22001817a 450000500170000001000150001702000270003203500140005903700150007308200080008810000190009624501110011526000820022627000410030830000210034950000990037070000180046920230912114947.0 aENG-137822 a9788177420906c2500.00 aEN-121354 bDBAD / PUB a250 aChandra,Lokesh aLife of Lord Buddha from Chinese Sutras Illustrated in Ming Woodcuts/cby Lokesh Chandra and Sushama Lohia aNew DelhibInternational Academy of Indian Culture and Aditya Prakashanc2010 a2/18, Ansari RoadbNew Delhie110002 a463p.c28cm(Hb)  aCompiled by Monk Pao-ch'eng from Chinese Sutras and illustrated in woodcuts in the Ming period aLohia,Sushama